Tài sản thế chấp và xử lý tài sản thế chấp theo quy định của bộ luật dân sự (Hiện hành) : Sách chuyên khảo

Nội dung sách giới thiệu một số vấn đề lý luận về tài sản thế chấp và xử lý tài sản thế chấp. Pháp luật về xử lý tài sản thế chấp và xử lý tài sản thế chấp. Hoàn thiện pháp luật về tài sản thế chấp và xử lý tài sản thế...

Celý popis

Uloženo v:
Podrobná bibliografie
Hlavní autor: Vũ, Thị Hồng Yến
Médium: Kniha
Jazyk:Undetermined
Vydáno: Hà Nội Chính trị Quốc gia Sự thật 2019
Témata:
Tagy: Přidat tag
Žádné tagy, Buďte první, kdo otaguje tento záznam!
Thư viện lưu trữ: Trung tâm Học liệu Trường Đại học Cần Thơ
LEADER 01183nam a2200229Ia 4500
001 CTU_238845
008 210402s9999 xx 000 0 und d
020 |c 86000 
082 |a 346.59704364 
082 |b Y603 
100 |a Vũ, Thị Hồng Yến 
245 0 |a Tài sản thế chấp và xử lý tài sản thế chấp theo quy định của bộ luật dân sự (Hiện hành) : 
245 0 |b Sách chuyên khảo 
245 0 |c Vũ Thị Hồng Yến 
260 |a Hà Nội 
260 |b Chính trị Quốc gia Sự thật 
260 |c 2019 
520 |a Nội dung sách giới thiệu một số vấn đề lý luận về tài sản thế chấp và xử lý tài sản thế chấp. Pháp luật về xử lý tài sản thế chấp và xử lý tài sản thế chấp. Hoàn thiện pháp luật về tài sản thế chấp và xử lý tài sản thế chấp 
650 |a Thế chấp (Luật),Pledges (Law) 
650 |z Việt Nam,Vietnam 
910 |b nthai 
980 |a Trung tâm Học liệu Trường Đại học Cần Thơ